| 000 | 00893nas a2200265 4500 | ||
|---|---|---|---|
| 001 | BR7306651 | ||
| 003 | BR-BrBNA | ||
| 005 | 20231205082617.0 | ||
| 007 | ta | ||
| 008 | 230509b bl.|||p| |||| 00| 00por d | ||
| 040 |
_aBR-BrBNA _bpor _cBiblioteca Nacional de Agricultura |
||
| 041 | _a(Pt) | ||
| 072 | _aF00 | ||
| 100 | 1 | _aRodrigues, M.B. | |
| 100 | 1 | _aGiavanini, A.C. | |
| 100 | 1 | _aCasagrande, A.A. | |
| 111 | 1 |
_aEncontro Regional da Sociedade Brasileira para o Progresso da Ciencia _cJaboticabal, SP (Brazil) _d6 May 1974 |
|
| 245 | 1 | _aEfeito da altura de desponte nas caracteristicas quimico-tecnologicas do caldo de cana-de-acucar | |
| 650 | _aCANA DE ACUCAR | ||
| 650 | _aCALDO DE CANA | ||
| 650 | _aCORTE | ||
| 773 | 0 |
_tCiencia e Cultura (Brazil) _xISSN 0009-6725 _g(Dec 1975), v. 27(12) p. 1340 _wBR7306651 |
|
| 909 |
_a202311 _bLúcia _c55 _dLúcia Elande |
||
| 942 |
_2AGRIS _n0 _cANA |
||
| 999 |
_c93206 _d93206 |
||